Statistics for US Presidents With the Highest Margin of Victory

Click here to take the quiz!

General Stats

  • This quiz has been taken 166 times
    (149 since last reset)
  • The average score is 8 of 10

Answer Stats

%President% Correct
100George Washington
96%
98.49Franklin D. Roosevelt
93%
97.58Ronald Reagan
90%
90.99Abraham Lincoln
80%
96.65Richard Nixon
79%
92.05Thomas Jefferson
79%
90.33Lyndon B. Johnson
75%
86.06Dwight D. Eisenhower
71%
99.57James Monroe
70%
85.81Franklin Pierce
36%

Score Distribution

Percentile by Number Answered

Percent of People with Each Score

Your Score History

You have not taken this quiz since the last reset